000 00863nam a2200241 4500
003 CBULib
005 20240513102023.0
008 240513b |||||||| |||| 00| 0 eng d
020 _a9789211127324
040 _aCBULib
_bEnglish
_cCBULib
_erda
041 _aeng
050 _aUNCTAD(058)IARI/2007
110 _aUnited Nations Conference on Trade and Development (UNCTAD)
245 _aInternational accounting and reporting issues : 2007 review
_c/ by United Nations Conference on Trade and Development (UNCTAD)
260 _aNew York :
_bUnited Nations,
_c2008
300 _ax, 186 pages : illustrations
336 _2rdacontent
_aText |
_btxt
337 _2rdamedia
_aUnmediated |
_bn
338 _2rdacarrier
_aVolume
_bnc
650 _aTRADE POLICY--RESEARCH
650 _aINTERNATIONAL BUSINESS ENTERPRISE--ACCOUNTING--PERIODICALS
942 _2mc
_c029
999 _c84990
_d84990